000 00297nam a22001337a 4500
008 181205b xxu||||| |||| 00| 0 eng d
020 _a0618608540
041 _aeng
080 _22nd
_a510
100 _a36
101 _aMAT
245 _aMathematical Excursions
_cAufmann,R.N
942 _2udc
_cBK
999 _c52887
_d52887